Bűnmegelőzés az iskolában

Bibliográfiai részletek
Szerző: Rab Anita
További közreműködők: Farkas Dr Julianna
Dokumentumtípus: Diplomadolgozat
Kulcsszavak:bűnmegelőzés
drogfogyasztás
függőség
Online Access:http://dolgozattar.uni-bge.hu/2805

MARC

LEADER 00000nta a2200000 i 4500
001 dolg2805
005 20160304152823.0
008 150512suuuu hu om 000 hun d
040 |a BGE Dolgozattár Repozitórium  |b hun 
041 |a hu 
100 1 |a Rab Anita 
245 1 0 |a Bűnmegelőzés az iskolában  |c Rab Anita  |h [elektronikus dokumentum] 
246 1 1 |a Bűnmegelőzés az iskolában 
695 |a bűnmegelőzés 
695 |a drogfogyasztás 
695 |a függőség 
700 1 |a Farkas Dr Julianna  |e ths 
856 4 0 |u http://dolgozattar.uni-bge.hu/2805/1/SZAKDOLGOZAT%20leg%C3%BAjabb.pdf  |z Dokumentum-elérés